00445 2200157 4500245006400000020001800064250001000082100001800092005001900110260003300129041001400162084000800176500005200184490004200236336000900278 aEnsiklopedia Geografi indonesia Vol. 2cJulian HolandhText a979-3535-10-5 aCet.1 aJulian Holand a20240827183816 aJakartabLENTERA ABADIc2007 aIndonesia a915 aDaftar Isi : Karibia dan Amerika selatan, Eropa aEnsiklopedia geografi indonesia VOL.2 atext